000 00723 a2200229 4500
003 CBULib
005 20260109103337.0
008 260105b |||||||| |||| 00| 0 eng d
020 _a9789982014862
040 _aCBULib
_bEnglish
_cCBULib
_erda
041 _aeng
050 _aZAM GN 492.55 Kan
100 _aKawang'u, Joseph
245 _aChieftaincy in Zambia : a perspective for the future generation
_c/ by Joseph Kawang'u
260 _bZambia Educational Publishing House,
_c2023.
_aLusaka :
300 _ax, 120 pages : illustrations
336 _2rdacontent
_aText |
_btxt
337 _2rdamedia
_aUnmediated |
_bn
338 _2rdacarrier
_aVolume
_bnc
650 0 _95152
_aCHIEFDOMS--ZAMBIA
942 _2mc
_c021
999 _c86589
_d86589